[Event "II Open Internacional Hotel Murta Xativa (Event Code: 141022)"]
[Site "Hotel Murta"]
[Date "2016.08.25"]
[Round "5"]
[Board "13"]
[White "Crespo Calatayud, Santiago"]
[Black "La Orden Gil, Javier"]
[Result "0-1"]
[WhiteElo "1797"]
[BlackElo "1957"]
[PlyCount "42"]
[EventDate "2016.08.22"]
[EventRounds "9"]
[EventCountry "ESP"]

1. Nf3 d5 2. c4 e6 3. g3 Nf6 4. Bg2 Be7 5. d4 O-O 6. O-O Nbd7 7. cxd5 exd5 8.
Nc3 c6 9. Qc2 Re8 10. Rd1 Bd6 11. e4 Nxe4 12. Nxe4 dxe4 13. Ng5 Nf6 14. Nxe4
Bf5 15. Bg5 Bg6 16. Re1 Be7 17. Qc4 Nxe4 18. Bxe4 Bxe4 19. Rxe4 Bxg5 20. Rxe8+
Qxe8 21. d5 Rd8 0-1

[Event "II Open Internacional Hotel Murta Xativa (Event Code: 141022)"]
[Site "Hotel Murta"]
[Date "2016.08.25"]
[Round "5"]
[Board "14"]
[White "Sanchis Hernandez, Sergi"]
[Black "Hernandez Torralba, Sergio"]
[Result "1/2-1/2"]
[WhiteElo "1768"]
[BlackElo "1904"]
[PlyCount "65"]
[EventDate "2016.08.22"]
[EventRounds "9"]
[EventCountry "ESP"]

1. e4 c5 2. Nf3 d6 3. d4 cxd4 4. Nxd4 Nf6 5. Nc3 g6 6. Be3 Bg7 7. f3 O-O 8. Qd2
Nc6 9. O-O-O d5 10. Qe1 e6 11. Nxc6 bxc6 12. h4 Qa5 13. a3 Rb8 14. Nxd5 Qxe1
15. Ne7+ Kh8 16. Rxe1 Ng8 17. Nxc6 Rxb2 18. e5 Rb7 19. f4 Bd7 20. Na5 Rc7 21.
Bd3 Ne7 22. h5 Rb8 23. hxg6 fxg6 24. g4 Kg8 25. Rh2 Rbc8 26. Reh1 Rc3 27. Kb2
Nd5 28. Bd2 Rb8+ 29. Nb3 Rbxb3+ 30. cxb3 Rxd3 31. Kc2 Rf3 32. Rh3 Rf2 33. R1h2
 1/2-1/2

[Event "II Open Internacional Hotel Murta Xativa (Event Code: 141022)"]
[Site "Hotel Murta"]
[Date "2016.08.25"]
[Round "5"]
[Board "15"]
[White "Gomar Juan, Miguel"]
[Black "Sanchez Tapia, Luis G."]
[Result "1-0"]
[WhiteElo "1894"]
[BlackElo "1626"]
[PlyCount "67"]
[EventDate "2016.08.22"]
[EventRounds "9"]
[EventCountry "ESP"]

1. d4 g6 2. e4 c5 3. c3 cxd4 4. cxd4 Nf6 5. Nc3 d6 6. Nf3 Bg7 7. Be2 O-O 8. O-O
Nbd7 9. h3 h6 10. Be3 a6 11. a4 b6 12. b4 Bb7 13. Nd2 Rc8 14. Qb3 e6 15. Rac1
d5 16. e5 Nh7 17. Qb1 Qe7 18. Bd3 Rc7 19. Nxd5 Bxd5 20. Rxc7 Qd8 21. Rfc1 Nxe5
22. dxe5 Bxe5 23. Rc8 Qh4 24. Rxf8+ Kxf8 25. Be4 Ng5 26. Bxg5 Qxg5 27. Bxd5
exd5 28. Nf3 Qf4 29. Nxe5 Qxe5 30. Re1 Qd6 31. Qb2 f6 32. Qe2 Qd7 33. Qe6 Qd8
34. Rc1 1-0

[Event "II Open Internacional Hotel Murta Xativa (Event Code: 141022)"]
[Site "Hotel Murta"]
[Date "2016.08.25"]
[Round "6"]
[Board "1"]
[White "Cruz Lledo, Pablo"]
[Black "Munoz, Miguel"]
[Result "1/2-1/2"]
[WhiteElo "2414"]
[BlackElo "2451"]
[PlyCount "34"]
[EventDate "2016.08.22"]
[EventRounds "9"]
[EventCountry "ESP"]

1. d4 Nf6 2. c4 c5 3. d5 e6 4. Nc3 exd5 5. cxd5 d6 6. e4 a6 7. a4 g6 8. Nge2
Bg7 9. Ng3 h5 10. Be2 h4 11. Nf1 Nbd7 12. Be3 Qe7 13. Nd2 Nh5 14. O-O Bd4 15.
Nc4 Bxe3 16. Nxe3 Nf4 17. Bg4 Ne5 1/2-1/2

[Event "II Open Internacional Hotel Murta Xativa (Event Code: 141022)"]
[Site "Hotel Murta"]
[Date "2016.08.25"]
[Round "6"]
[Board "2"]
[White "Castella Garcia, Fausto"]
[Black "Kovacevic, Slobodan"]
[Result "1/2-1/2"]
[WhiteElo "2325"]
[BlackElo "2303"]
[PlyCount "49"]
[EventDate "2016.08.22"]
[EventRounds "9"]
[EventCountry "ESP"]

1. e4 c5 2. Nc3 e6 3. Nf3 a6 4. d4 cxd4 5. Nxd4 Qc7 6. Qf3 d6 7. Be3 Nf6 8. Qg3
Nbd7 9. O-O-O b6 10. f4 Bb7 11. Bd3 b5 12. a3 Nc5 13. e5 Nxd3+ 14. Rxd3 dxe5
15. fxe5 Nh5 16. Qg5 g6 17. Nf3 Be7 18. Qg4 O-O 19. Bg5 Bxg5+ 20. Qxg5 Rfd8 21.
Rhd1 Rxd3 22. Rxd3 Ng7 23. g4 Ne8 24. Nd2 Rc8 25. Qf4 1/2-1/2

[Event "II Open Internacional Hotel Murta Xativa (Event Code: 141022)"]
[Site "Hotel Murta"]
[Date "2016.08.25"]
[Round "6"]
[Board "3"]
[White "Ballester Llagaria, Luis Eduardo"]
[Black "Bas Mas, Miguel"]
[Result "1-0"]
[WhiteElo "2299"]
[BlackElo "2123"]
[PlyCount "53"]
[EventDate "2016.08.22"]
[EventRounds "9"]
[EventCountry "ESP"]

1. e4 c5 2. Nf3 e6 3. d4 cxd4 4. Nxd4 a6 5. Nc3 Qc7 6. Bd3 d6 7. f4 b5 8. a4 b4
9. Na2 Nf6 10. Qe2 e5 11. Nf3 Nc6 12. Bd2 Qb6 13. c3 bxc3 14. Nxc3 Bg4 15. Be3
Nd4 16. Bxd4 exd4 17. Nd5 Nxd5 18. exd5+ Be7 19. O-O Ra7 20. Qe4 Bxf3 21. Rxf3
Kd8 22. a5 Qc5 23. Rf2 Re8 24. Rc2 Qb4 25. Rac1 Qb7 26. Qf5 Ra8 27. Bxa6 1-0

[Event "II Open Internacional Hotel Murta Xativa (Event Code: 141022)"]
[Site "Hotel Murta"]
[Date "2016.08.25"]
[Round "6"]
[Board "4"]
[White "Uran Bermudez, Oliver Kevin"]
[Black "Garcia Jimenez, Francisco Javier"]
[Result "1/2-1/2"]
[WhiteElo "2104"]
[BlackElo "2251"]
[PlyCount "99"]
[EventDate "2016.08.22"]
[EventRounds "9"]
[EventCountry "ESP"]

1. d4 d5 2. Nf3 Nf6 3. e3 b6 4. Bd3 Bb7 5. Nbd2 Nbd7 6. O-O c5 7. c3 Qc7 8. Qe2
Ne4 9. Rd1 e6 10. Bb5 Nd6 11. Bd3 Ne4 12. Bb5 Bd6 13. Nxe4 dxe4 14. Ne5 Bxe5
15. Bxd7+ Qxd7 16. dxe5 Qc7 17. b3 O-O 18. Bb2 Qxe5 19. Rd7 Bc6 20. c4 Qg5 21.
Rd6 Rac8 22. Rad1 h5 23. Qd2 Qe7 24. Qc3 f6 25. R6d2 Rfd8 26. h4 e5 27. Qc2 Kf7
28. Bc3 Ke8 29. Kh2 g6 30. Qb1 Qe6 31. Rxd8+ Rxd8 32. Rxd8+ Kxd8 33. Qd1+ Kc7
34. Kg3 f5 35. Kh2 f4 36. Qa1 Kd6 37. Qd1+ Ke7 38. Qa1 f3 39. Bxe5 fxg2 40. Bg3
Kf7 41. Qh8 Bd7 42. Kxg2 Qf6 43. Qxf6+ Kxf6 44. Bb8 a6 45. Ba7 b5 46. cxb5 axb5
47. Bxc5 g5 48. hxg5+ Kxg5 49. f4+ Kg4 50. Kh2 1/2-1/2

[Event "II Open Internacional Hotel Murta Xativa (Event Code: 141022)"]
[Site "Hotel Murta"]
[Date "2016.08.25"]
[Round "6"]
[Board "5"]
[White "Fenollar Jorda, Manuel"]
[Black "Martorell Aubanell, Adria"]
[Result "1/2-1/2"]
[WhiteElo "2338"]
[BlackElo "2162"]
[PlyCount "111"]
[EventDate "2016.08.22"]
[EventRounds "9"]
[EventCountry "ESP"]

1. d4 Nf6 2. Nf3 g6 3. Bg5 Bg7 4. Nbd2 c5 5. e3 cxd4 6. exd4 O-O 7. c3 a6 8. h3
d6 9. Be2 b6 10. O-O Bb7 11. Re1 Nbd7 12. Nh2 Re8 13. Bf3 Qc7 14. Qb3 Bxf3 15.
Nhxf3 e6 16. Bf4 b5 17. a4 Qc6 18. Ra2 Nb6 19. axb5 axb5 20. Rea1 Rxa2 21. Rxa2
Nc4 22. Qd1 e5 23. dxe5 dxe5 24. Bg3 Nxd2 25. Nxd2 Qd5 26. b3 Nh5 27. Bh2 e4
28. c4 bxc4 29. bxc4 Qd4 30. Qa4 Nf6 31. Nf1 Bh6 32. Bg3 Rc8 33. Rc2 Nh5 34.
Qb3 Nxg3 35. Qxg3 Rxc4 36. Qb8+ Kg7 37. Rxc4 Qxc4 38. Qe5+ Kg8 39. Qe8+ Bf8 40.
Ne3 Qc1+ 41. Kh2 Qc7+ 42. g3 Qe7 43. Qxe7 Bxe7 44. Nd5 Bd8 45. g4 Bh4 46. Kg2
f6 47. Nc3 f5 48. gxf5 gxf5 49. f3 e3 50. f4 Kf7 51. Kf3 Bf2 52. Ne2 Ke6 53.
Nd4+ Kf6 54. Ne2 Ke6 55. Nd4+ Kf6 56. Ne2 1/2-1/2

[Event "II Open Internacional Hotel Murta Xativa (Event Code: 141022)"]
[Site "Hotel Murta"]
[Date "2016.08.25"]
[Round "6"]
[Board "6"]
[White "Gomez Sanjuan, Hector Fernando"]
[Black "Nieves Cabanes, Jose Manuel"]
[Result "0-1"]
[WhiteElo "2025"]
[BlackElo "2227"]
[PlyCount "102"]
[EventDate "2016.08.22"]
[EventRounds "9"]
[EventCountry "ESP"]

1. d4 e6 2. c4 b6 3. Nc3 Bb7 4. e4 Bb4 5. Qc2 Qh4 6. Bd3 f5 7. g3 Qe7 8. a3
Bxc3+ 9. bxc3 fxe4 10. Bxe4 Bxe4 11. Qxe4 Nc6 12. Nf3 Nf6 13. Qd3 O-O 14. O-O
Qf7 15. h3 h6 16. Kg2 d6 17. Nd2 Rae8 18. f4 Na5 19. Bb2 c5 20. Rae1 Qc7 21.
Kh2 d5 22. cxd5 exd5 23. c4 Rd8 24. cxd5 c4 25. Rc1 b5 26. a4 Nxd5 27. Qf3 b4
28. Ne4 Nb3 29. Rc2 c3 30. Rd1 Qb6 31. a5 Nxa5 32. Bxc3 bxc3 33. Nxc3 Nxc3 34.
Qxc3 Rd6 35. d5 Nc6 36. Re1 Nd8 37. Qe5 Nf7 38. Qe7 Rxd5 39. Rce2 Rdd8 40. Ra2
a5 41. Re6 Qb4 42. Qc7 Rd2+ 43. Re2 Rxe2+ 44. Rxe2 a4 45. f5 Ng5 46. h4 Nf3+
47. Kg2 Rxf5 48. Re7 Qb2+ 49. Kh3 Rf8 50. Qc4+ Kh8 51. Qxa4 h5 0-1

[Event "II Open Internacional Hotel Murta Xativa (Event Code: 141022)"]
[Site "Hotel Murta"]
[Date "2016.08.25"]
[Round "6"]
[Board "7"]
[White "Nieves Cabanes, Javier"]
[Black "Gomez Ferrer, Jesus"]
[Result "1/2-1/2"]
[WhiteElo "2215"]
[BlackElo "2081"]
[PlyCount "65"]
[EventDate "2016.08.22"]
[EventRounds "9"]
[EventCountry "ESP"]

1. d4 d5 2. c4 e6 3. Nc3 Nf6 4. cxd5 exd5 5. Bg5 c6 6. Qc2 Be7 7. e3 Nbd7 8.
Nf3 h6 9. Bf4 Nh5 10. Be5 Nxe5 11. Nxe5 Nf6 12. Be2 Be6 13. O-O Qc8 14. Rab1
Bf5 15. Bd3 Bxd3 16. Qxd3 O-O 17. Rfc1 Rd8 18. b4 Qe6 19. Na4 Rac8 20. Nc5 Bxc5
21. bxc5 Rc7 22. Qa3 a6 23. Qa5 Rdc8 24. Rb3 Ne4 25. Qb6 Nd2 26. Rb2 f6 27.
Rxd2 fxe5 28. Rb1 exd4 29. Rxd4 Rf7 30. Rf4 Rxf4 31. exf4 Re8 32. g3 Re7 33.
Qd8+ 1/2-1/2

[Event "II Open Internacional Hotel Murta Xativa (Event Code: 141022)"]
[Site "Hotel Murta"]
[Date "2016.08.25"]
[Round "6"]
[Board "8"]
[White "Gonzalvez Tamarit, Ruben"]
[Black "Gomez Jurado, Luis Alberto"]
[Result "0-1"]
[WhiteElo "1974"]
[BlackElo "2266"]
[PlyCount "82"]
[EventDate "2016.08.22"]
[EventRounds "9"]
[EventCountry "ESP"]

1. e4 c6 2. d4 d5 3. exd5 cxd5 4. c4 Nf6 5. Nc3 Nc6 6. Nf3 Be6 7. c5 a6 8. a3
g6 9. h3 Bg7 10. Bd3 O-O 11. O-O Bf5 12. Bxf5 gxf5 13. Ne5 Nxe5 14. dxe5 Ne4
15. f4 Nxc3 16. bxc3 e6 17. Be3 Qd7 18. Rb1 Rfc8 19. Rb6 Bf8 20. Qb3 Bxc5 21.
Bxc5 Rxc5 22. Rxb7 Rxc3 23. Qxc3 Qxb7 24. Qg3+ Kh8 25. Qg5 Qb6+ 26. Kh2 Qd8 27.
Qh6 Qe7 28. Rf3 Rg8 29. Rb3 Qf8 30. Qxf8 Rxf8 31. Rb7 Kg7 32. Ra7 Rd8 33. Rxa6
d4 34. Rd6 Rxd6 35. exd6 Kf8 36. Kg1 Ke8 37. g4 fxg4 38. hxg4 h6 39. Kg2 Kd7
40. Kf3 f6 41. Ke4 e5 0-1

[Event "II Open Internacional Hotel Murta Xativa (Event Code: 141022)"]
[Site "Hotel Murta"]
[Date "2016.08.25"]
[Round "6"]
[Board "9"]
[White "La Orden Gil, Javier"]
[Black "Ibanez Aullana, Ramon"]
[Result "0-1"]
[WhiteElo "1957"]
[BlackElo "2249"]
[PlyCount "111"]
[EventDate "2016.08.22"]
[EventRounds "9"]
[EventCountry "ESP"]

1. e4 Nf6 2. e5 Nd5 3. d4 d6 4. Nf3 g6 5. exd6 cxd6 6. c4 Nb6 7. Nc3 Bg7 8. Be3
O-O 9. h3 Nc6 10. Be2 Bf5 11. O-O d5 12. cxd5 Nb4 13. Rc1 N4xd5 14. Bg5 h6 15.
Bh4 Rc8 16. Re1 Nf6 17. Bf1 g5 18. Bg3 e6 19. Be5 a6 20. h4 g4 21. Nd2 Nh5 22.
Nde4 Nc4 23. Bxc4 Rxc4 24. Qb3 b5 25. g3 Rc6 26. Bxg7 Kxg7 27. Rcd1 Bxe4 28.
Nxe4 Nf6 29. Nxf6 Qxf6 30. d5 Rc4 31. dxe6 fxe6 32. Qe3 Rc2 33. Re2 Rxb2 34.
Rd4 Rb1+ 35. Kh2 Qf3 36. Qe5+ Kh7 37. Rd7+ Rf7 38. Rxf7+ Qxf7 39. Qxe6 Qxe6 40.
Rxe6 a5 41. Re2 b4 42. Kg2 a4 43. Re7+ Kg6 44. Ra7 a3 45. Ra5 h5 46. Rg5+ Kf6
47. Ra5 Ke6 48. Ra8 Kd5 49. Rd8+ Kc4 50. Rc8+ Kd3 51. Rd8+ Kc3 52. Rc8+ Kb2 53.
f3 gxf3+ 54. Kxf3 Kxa2 55. g4 hxg4+ 56. Kxg4 0-1

[Event "II Open Internacional Hotel Murta Xativa (Event Code: 141022)"]
[Site "Hotel Murta"]
[Date "2016.08.25"]
[Round "6"]
[Board "10"]
[White "Gomar Juan, Miguel"]
[Black "Garcia Amoros, Pablo"]
[Result "0-1"]
[WhiteElo "1894"]
[BlackElo "2175"]
[PlyCount "58"]
[EventDate "2016.08.22"]
[EventRounds "9"]
[EventCountry "ESP"]

1. d4 Nf6 2. Nf3 d6 3. c4 g6 4. Nc3 Bf5 5. Bg5 Ne4 6. Nxe4 Bxe4 7. Nd2 Bc6 8.
e4 Bg7 9. d5 Bd7 10. Qb3 Na6 11. Be3 b6 12. Be2 O-O 13. O-O Nc5 14. Qc2 a5 15.
Rab1 a4 16. f4 e6 17. b4 axb3 18. axb3 Ra3 19. Nf3 Qa8 20. Bd4 Ra2 21. Rb2
Bxd4+ 22. Nxd4 Rxb2 23. Qxb2 Nxe4 24. Bf3 exd5 25. cxd5 Qxd5 26. g4 c5 27. Ne2
Qd2 28. Qb1 Qe3+ 29. Kg2 Nd2 0-1

[Event "II Open Internacional Hotel Murta Xativa (Event Code: 141022)"]
[Site "Hotel Murta"]
[Date "2016.08.25"]
[Round "6"]
[Board "11"]
[White "Roca Cruz, Rafael"]
[Black "Cortes Marti, Javier"]
[Result "1/2-1/2"]
[WhiteElo "1882"]
[BlackElo "2082"]
[PlyCount "163"]
[EventDate "2016.08.22"]
[EventRounds "9"]
[EventCountry "ESP"]

1. d4 Nf6 2. c4 c5 3. Nf3 cxd4 4. Nxd4 d6 5. g3 Nc6 6. Bg2 Bd7 7. O-O g6 8. b3
Bg7 9. Bb2 O-O 10. Qd2 a5 11. Nc3 Nxd4 12. Qxd4 Bc6 13. Rfd1 Ne4 14. Qd3 Nxc3
15. Bxc3 Bxc3 16. Qxc3 Bxg2 17. Kxg2 Qc7 18. a4 Rfd8 19. Qf3 e6 20. Rd3 Rd7 21.
h4 h5 22. Rad1 Rad8 23. e4 b6 24. Qf6 Qc5 25. g4 Kf8 26. f3 Ke8 27. f4 hxg4 28.
Kg3 Qh5 29. f5 gxf5 30. exf5 Qxf5 31. Qxf5 exf5 32. Kf4 Ke7 33. Re1+ Kf6 34.
Rd5 Kg6 35. Rh1 Rh8 36. Rxf5 Re7 37. h5+ Kg7 38. Rg1 f6 39. Rxg4+ Kf7 40. Rb5
Rb7 41. Kg3 Rh6 42. Kh4 Rb8 43. Rd4 Ke7 44. Re4+ Kf7 45. Rd5 Rd8 46. Red4 Ke7
47. Re4+ Kf7 48. Kg3 Rg8+ 49. Kf4 Rd8 50. Ke3 Rhh8 51. Kd4 Rh6 52. Rf5 Rc8 53.
Rb5 Rb8 54. Kc3 Rhh8 55. b4 axb4+ 56. Kxb4 Rhc8 57. Rd5 Rc5 58. h6 f5 59. Rh4
Rxd5 60. cxd5 Kg6 61. h7 Rh8 62. Kb5 Rxh7 63. Rb4 Kg5 64. Kxb6 f4 65. a5 f3 66.
a6 Kf5 67. a7 Rh8 68. Kc6 Ra8 69. Kb7 Rh8 70. Kc6 Ra8 71. Kb7 Rh8 72. a8=Q Rxa8
73. Kxa8 Ke5 74. Kb7 Kxd5 75. Rf4 Ke5 76. Rxf3 Ke4 77. Ra3 d5 78. Kc6 d4 79.
Kc5 d3 80. Ra2 Ke3 81. Kc4 d2 82. Rxd2 1/2-1/2

[Event "II Open Internacional Hotel Murta Xativa (Event Code: 141022)"]
[Site "Hotel Murta"]
[Date "2016.08.25"]
[Round "6"]
[Board "12"]
[White "Hompanera Lopez, Enrique"]
[Black "La Orden Garcia, Raquel"]
[Result "1-0"]
[WhiteElo "2044"]
[BlackElo "1611"]
[PlyCount "47"]
[EventDate "2016.08.22"]
[EventRounds "9"]
[EventCountry "ESP"]

1. e4 d5 2. exd5 Qxd5 3. Nc3 Qa5 4. Bc4 Nf6 5. d3 c6 6. Bd2 Qc7 7. Qe2 Bg4 8.
f3 Bf5 9. O-O-O b5 10. Bb3 a5 11. a4 b4 12. Ne4 Bxe4 13. fxe4 e6 14. g4 h6 15.
h4 Nbd7 16. d4 e5 17. Nf3 Nxg4 18. Rhg1 Ngf6 19. dxe5 Nxe5 20. Kb1 Nfd7 21. Bf4
f6 22. Nxe5 Nxe5 23. Qh5+ g6 24. Bxe5 1-0

[Event "II Open Internacional Hotel Murta Xativa (Event Code: 141022)"]
[Site "Hotel Murta"]
[Date "2016.08.25"]
[Round "6"]
[Board "13"]
[White "Albuixec Sanz, Jorge"]
[Black "Apolo Sanchez, Manuel"]
[Result "1/2-1/2"]
[WhiteElo "1824"]
[BlackElo "1997"]
[PlyCount "54"]
[EventDate "2016.08.22"]
[EventRounds "9"]
[EventCountry "ESP"]

1. e4 d5 2. exd5 Qxd5 3. Nc3 Qa5 4. d4 e5 5. dxe5 Bb4 6. Bd2 Nc6 7. Nf3 Bg4 8.
Bb5 Nge7 9. a3 Bxc3 10. Bxc6+ Nxc6 11. Bxc3 Qa4 12. O-O Bxf3 13. Qxf3 Qxc2 14.
e6 O-O 15. e7 Nxe7 16. Qxb7 Rfd8 17. Rac1 Qg6 18. Rcd1 Qb6 19. Qe4 Re8 20. Rfe1
Qc6 21. Qe5 f6 22. Qg3 Nf5 23. Qf4 g6 24. h4 Rad8 25. h5 Rxd1 26. Rxd1 Re4 27.
Qd2 Kf7 1/2-1/2

[Event "II Open Internacional Hotel Murta Xativa (Event Code: 141022)"]
[Site "Hotel Murta"]
[Date "2016.08.25"]
[Round "6"]
[Board "14"]
[White "Reig Albero, Ferran"]
[Black "Martinez Lopez, Jose Luis"]
[Result "1-0"]
[WhiteElo "1993"]
[BlackElo "1631"]
[PlyCount "49"]
[EventDate "2016.08.22"]
[EventRounds "9"]
[EventCountry "ESP"]

1. e4 c5 2. Nf3 d6 3. d4 cxd4 4. Nxd4 Nf6 5. Nc3 a6 6. f4 e6 7. Bd3 Be7 8. Qf3
Qc7 9. O-O Nc6 10. Be3 O-O 11. Qg3 Kh8 12. Kh1 b5 13. Nxc6 Qxc6 14. e5 Nd5 15.
Bd4 dxe5 16. fxe5 Nxc3 17. Bxc3 b4 18. Bd4 Bb7 19. Rf4 Bc5 20. Be4 Qc7 21. Bxc5
Bxe4 22. Bxf8 Rxf8 23. Rxe4 Qxc2 24. Rxb4 Rd8 25. h3 1-0

[Event "II Open Internacional Hotel Murta Xativa (Event Code: 141022)"]
[Site "Hotel Murta"]
[Date "2016.08.25"]
[Round "6"]
[Board "15"]
[White "Hernandez Torralba, Jose Joaquin"]
[Black "Sanchis Hernandez, Sergi"]
[Result "1-0"]
[WhiteElo "2023"]
[BlackElo "1768"]
[PlyCount "119"]
[EventDate "2016.08.22"]
[EventRounds "9"]
[EventCountry "ESP"]

1. e4 e5 2. Nf3 Nc6 3. Bc4 Bc5 4. c3 Nf6 5. d4 exd4 6. O-O d6 7. cxd4 Bb6 8. h3
O-O 9. Nc3 h6 10. Re1 Re8 11. Bb3 Ba5 12. Bc2 Ne7 13. a3 c5 14. dxc5 dxc5 15.
Be3 Qxd1 16. Rexd1 Bxc3 17. bxc3 b6 18. Ba4 Rf8 19. Nd2 Bb7 20. f3 Bc6 21. Bb3
Rad8 22. Nc4 Ng6 23. a4 Nd7 24. Nd6 Nge5 25. f4 Ng6 26. e5 Nh4 27. g3 Ng6 28.
Rd2 Nh8 29. Rad1 Bf3 30. Rf1 Bc6 31. Kf2 Nb8 32. Rfd1 Rd7 33. e6 Re7 34. exf7+
Kh7 35. h4 Bd7 36. h5 Bg4 37. Bc2+ g6 38. hxg6+ Nxg6 39. f5 Rfxf7 40. Nxf7 Rxf7
41. Kg2 Bxf5 42. Bxf5 Rxf5 43. Rh1 Ne5 44. Bxh6 Kg6 45. Bf4 Nbc6 46. Rd6+ Kg7
47. Rhh6 Kf7 48. Rxc6 Nxc6 49. Rxc6 Rd5 50. Rc7+ Ke6 51. Rxa7 Rd3 52. Ra6 Rxc3
53. Rxb6+ Kd5 54. Rd6+ Kc4 55. g4 Ra3 56. g5 Rxa4 57. g6 Ra8 58. g7 Kb3 59. Rf6
Rg8 60. Bh6 1-0

[Event "II Open Internacional Hotel Murta Xativa (Event Code: 141022)"]
[Site "Hotel Murta"]
[Date "2016.08.26"]
[Round "7"]
[Board "1"]
[White "Munoz, Miguel"]
[Black "Kovacevic, Slobodan"]
[Result "1/2-1/2"]
[WhiteElo "2451"]
[BlackElo "2303"]
[PlyCount "174"]
[EventDate "2016.08.22"]
[EventRounds "9"]
[EventCountry "ESP"]

1. g3 d5 2. Bg2 c6 3. f4 g6 4. Nf3 Bg7 5. O-O Qb6+ 6. d4 Nh6 7. c3 Nd7 8. Ne5
Nxe5 9. fxe5 O-O 10. Qb3 f6 11. exf6 exf6 12. e4 Qxb3 13. axb3 dxe4 14. Bxe4
Be6 15. Nd2 a6 16. Nc4 Rad8 17. Bf4 Nf7 18. Rfe1 Rfe8 19. Na5 Bc8 20. Bc7 Rd7
21. Bf5 Rxe1+ 22. Rxe1 Rxc7 23. Re8+ Bf8 24. Bxc8 Nd6 25. Be6+ Kg7 26. Rd8 f5
27. b4 Be7 28. Rg8+ Kf6 29. Bb3 Rd7 30. Kf2 Rd8 31. Ke2 h6 32. Kf3 Rxg8 33.
Bxg8 Bd8 34. Nb3 Kg7 35. Be6 Kf6 36. Bg8 Kg7 37. Be6 Kf6 38. d5 Bb6 39. Bg8 Kg7
40. Be6 Kf6 41. Nc1 a5 42. bxa5 Bxa5 43. Nd3 Bb6 44. h3 g5 45. g4 fxg4+ 46.
hxg4 Bg1 47. Ke2 cxd5 48. Bxd5 b6 49. c4 Ne8 50. Kf3 Ke7 51. Ke4 Nf6+ 52. Kf5
Nxd5 53. cxd5 Kd6 54. Ke4 Bh2 55. b4 Bg3 56. Nb2 b5 57. Nd3 Kc7 58. Ne5 Be1 59.
Nc6 Kd6 60. Nd4 Bxb4 61. Nxb5+ Kd7 62. Kf5 Bf8 63. Kg6 Ke7 64. Nc3 Kd6 65. Kf6
Be7+ 66. Kf5 Bf8 67. Ke4 Ke7 68. Ne2 Kf6 69. Ng3 Ba3 70. Nh5+ Kf7 71. Kf5 Bb2
72. d6 Bc3 73. Ng3 Bb4 74. Ke5 Bd2 75. Nh5 Ba5 76. Kd5 Bd8 77. Ng3 Ba5 78. Nf5
Kg6 79. Ne7+ Kf6 80. Nc6 Bb6 81. Ne5 Ba5 82. Nc6 Bb6 83. Ne5 Ba5 84. Nc6 Bb6
85. Kc4 Ke6 86. Ne7 Bd8 87. Nf5 h5 1/2-1/2

[Event "II Open Internacional Hotel Murta Xativa (Event Code: 141022)"]
[Site "Hotel Murta"]
[Date "2016.08.26"]
[Round "7"]
[Board "2"]
[White "Cruz Lledo, Pablo"]
[Black "Ballester Llagaria, Luis Eduardo"]
[Result "1-0"]
[WhiteElo "2414"]
[BlackElo "2299"]
[PlyCount "59"]
[EventDate "2016.08.22"]
[EventRounds "9"]
[EventCountry "ESP"]

1. d4 d5 2. c4 dxc4 3. e4 b5 4. a4 c6 5. axb5 cxb5 6. b3 e5 7. dxe5 Qxd1+ 8.
Kxd1 Nc6 9. bxc4 b4 10. Be3 a5 11. Nf3 g6 12. c5 Bg7 13. Nbd2 Bg4 14. Bb5 Nge7
15. h3 Bxe5 16. Ra2 Bxf3+ 17. gxf3 O-O 18. Ke2 Rab8 19. Ba4 Rfd8 20. Nb3 f5 21.
f4 Bc3 22. e5 Kf8 23. h4 Nd4+ 24. Bxd4 Bxd4 25. Rd2 Bc3 26. Rd6 Nd5 27. Kf3 Nc7
28. Rhd1 Ne6 29. c6 Ke7 30. Rxe6+ 1-0

[Event "II Open Internacional Hotel Murta Xativa (Event Code: 141022)"]
[Site "Hotel Murta"]
[Date "2016.08.26"]
[Round "7"]
[Board "3"]
[White "Nieves Cabanes, Jose Manuel"]
[Black "Uran Bermudez, Oliver Kevin"]
[Result "0-1"]
[WhiteElo "2227"]
[BlackElo "2104"]
[PlyCount "74"]
[EventDate "2016.08.22"]
[EventRounds "9"]
[EventCountry "ESP"]

1. d4 Nf6 2. c4 c5 3. d5 d6 4. Nc3 e5 5. e4 Be7 6. Bd3 Nbd7 7. Nge2 h5 8. h4
Nf8 9. f3 Bd7 10. Be3 a6 11. a3 Ng6 12. g3 O-O 13. b4 b6 14. Qc2 Qc8 15. Rb1
Rb8 16. O-O Nh7 17. bxc5 bxc5 18. Rxb8 Qxb8 19. Rb1 Qc7 20. Bf2 Bd8 21. Be1 Ne7
22. Qb2 Bc8 23. Na4 g5 24. hxg5 Nxg5 25. Kg2 Qd7 26. Nb6 Qh3+ 27. Kf2 Qh2+ 28.
Ke3 Qg2 29. Nc3 Qxf3+ 30. Kd2 Bg4 31. Qc2 f5 32. Nd7 fxe4 33. Nxe4 Nxe4+ 34.
Bxe4 Ba5+ 35. Kc1 Qxa3+ 36. Qb2 Qe3+ 37. Bd2 Rf1+ 0-1

[Event "II Open Internacional Hotel Murta Xativa (Event Code: 141022)"]
[Site "Hotel Murta"]
[Date "2016.08.26"]
[Round "7"]
[Board "4"]
[White "Gomez Jurado, Luis Alberto"]
[Black "Castella Garcia, Fausto"]
[Result "1/2-1/2"]
[WhiteElo "2266"]
[BlackElo "2325"]
[PlyCount "90"]
[EventDate "2016.08.22"]
[EventRounds "9"]
[EventCountry "ESP"]

1. c4 e5 2. g3 Nc6 3. Nc3 f5 4. Nf3 g6 5. d4 exd4 6. Nxd4 Bg7 7. e3 Nge7 8. Bg2
O-O 9. O-O d6 10. b3 a6 11. Bb2 Nxd4 12. exd4 f4 13. Re1 Nf5 14. Nd5 fxg3 15.
hxg3 c6 16. Nf4 Qg5 17. Re4 Bd7 18. Nh3 Qf6 19. Rb1 g5 20. Qh5 h6 21. d5 Qf7
22. Qxf7+ Rxf7 23. Bxg7 Kxg7 24. Rbe1 c5 25. Kh2 a5 26. g4 Nh4 27. f4 Nxg2 28.
Kxg2 Bxg4 29. Re7 Bxh3+ 30. Kxh3 gxf4 31. Rxf7+ Kxf7 32. Re6 Rg8 33. Rxd6 f3
34. Rd7+ Kf6 35. Rd6+ Kf5 36. Rd7 Ke4 37. Re7+ Kd3 38. Rf7 Ke2 39. Re7+ Kf1 40.
d6 Rg2 41. Rf7 f2 42. d7 Rg8 43. Kh2 Rd8 44. Re7 h5 45. Kh1 h4 1/2-1/2

[Event "II Open Internacional Hotel Murta Xativa (Event Code: 141022)"]
[Site "Hotel Murta"]
[Date "2016.08.26"]
[Round "7"]
[Board "5"]
[White "Gomez Ferrer, Jesus"]
[Black "Fenollar Jorda, Manuel"]
[Result "0-1"]
[WhiteElo "2081"]
[BlackElo "2338"]
[PlyCount "80"]
[EventDate "2016.08.22"]
[EventRounds "9"]
[EventCountry "ESP"]

1. e4 e5 2. Nf3 Nc6 3. Bb5 a6 4. Ba4 Nf6 5. O-O b5 6. Bb3 Bc5 7. Nxe5 Nxe5 8.
d4 Bxd4 9. Qxd4 d6 10. c3 Bb7 11. Bg5 c5 12. Bxf6 Qxf6 13. Qe3 O-O 14. Nd2 Rfe8
15. Rae1 Re7 16. Bc2 Rae8 17. f4 Nc4 18. Nxc4 bxc4 19. e5 Qe6 20. Qg3 dxe5 21.
fxe5 g6 22. Re2 Rd8 23. h4 Bc8 24. Qg5 Rde8 25. Bf5 Qc6 26. Bxc8 Qxc8 27. h5
Qc7 28. Rfe1 Qc6 29. hxg6 hxg6 30. Qf4 Qd5 31. Re4 Re6 32. Rxc4 Rxe5 33. Rxe5
Rxe5 34. Qf1 Qd2 35. Qf3 Qe1+ 36. Qf1 Qg3 37. Rf4 Re1 38. Rxf7 Qe3+ 39. Kh2
Rxf1 40. Rxf1 Qe2 0-1